The Armaic inscriptions of Sefire : /

محفوظ في:

المؤلف الرئيسي: Fitzmyer, Joseph A.

التنسيق: كتاب

اللغة: Undetermined

منشور في: Rome : Pontifical Biblical Institute, 1967.

سلاسل: Biblica et Orientalia; Sacra Scriptura antiquitatibus orientalibus illustrata; 19

الموضوعات:

الوسوم: إضافة وسم

لا توجد وسوم, كن أول من يضع وسما على هذه التسجيلة!

رقم الطلب: PJ5208 .S5 F5

LEADER 00735nam a2200181Ia 4500
008 220401s9999||||xx |||||||||||||| ||und||
050 4 |a PJ5208 .S5 F5 
100 1 |a Fitzmyer, Joseph A. 
245 1 4 |a The Armaic inscriptions of Sefire :  |b  /  |c Joseph A. Fitzmyer. 
264 1 |a Rome :  |b Pontifical Biblical Institute,  |c 1967. 
300 |a xiii, 207p. Plates :  |b  ;  |c 24cm. 
490 0 |a Biblica et Orientalia; Sacra Scriptura antiquitatibus orientalibus illustrata; 19 
500 |a bibliography. 
650 1 4 |a Inscriptions, Aramaic. 
650 1 4 |a Stele (Archaeology) Iraq. 
942 |2 lcc  |c BK 
952 |0 0  |1 0  |2 lcc  |4 0  |6 PJ5208 S5 F5  |7 1  |9 39305  |a ARCE  |b ARCE  |d 2022-04-01  |l 0  |o PJ5208 .S5 F5  |p 1017780  |r 2022-04-01 00:00:00  |w 2022-04-01  |y BK 
999 |c 46886  |d 46886